|
|
|
|
| LEADER |
01183nam a22003374a 4500 |
| 001 |
31436 |
| 003 |
BD-DhAAL |
| 005 |
20211220122206.0 |
| 008 |
161114s2006 mau b 001 0 eng |
| 999 |
|
|
|c 37885
|d 37885
|
| 010 |
|
|
|a 2005056114
|
| 020 |
|
|
|a 0674021673 (alk. paper)
|
| 040 |
|
|
|a DLC
|c DLC
|d DLC
|d BD-DhAAL
|
| 050 |
0 |
0 |
|a K290
|b .D89 2006
|
| 082 |
0 |
0 |
|a 340.112
|2 22
|
| 100 |
1 |
|
|a Dworkin, Ronald.
|9 20727
|
| 245 |
1 |
0 |
|a Justice in robes /
|c Ronald Dworkin.
|
| 260 |
|
|
|a Cambridge, Mass. :
|b Belknap Press,
|c 2006.
|
| 300 |
|
|
|a 308 pages ;
|c 25 cm.
|
| 504 |
|
|
|a Includes bibliographical references (p. 297) and index.
|
| 526 |
|
|
|a SOL
|
| 541 |
|
|
|e 31436
|
| 650 |
|
0 |
|a Judicial process
|x Philosophy.
|9 20728
|
| 650 |
|
0 |
|a Law
|x Interpretation and construction.
|9 20729
|
| 650 |
|
0 |
|a Law and ethics.
|9 20730
|
| 650 |
|
0 |
|a Law.
|9 43144
|
| 650 |
|
0 |
|a Justice.
|9 20731
|
| 650 |
|
0 |
|a Jurisprudence.
|9 20732
|
| 852 |
|
|
|a Ayesha Abed Library
|c General Stacks
|
| 942 |
|
|
|2 ddc
|c BK
|
| 952 |
|
|
|0 0
|1 0
|2 ddc
|4 0
|6 340_112000000000000_DWO
|7 0
|9 59760
|a BRACUL
|b BRACUL
|c GEN
|d 2016-10-06
|e Karim International
|g 2500.00
|l 2
|m 4
|o 340.112 DWO
|p 3010031436
|r 2019-08-29
|s 2019-08-25
|t 1
|v 2500.00
|w 2016-10-06
|y BK
|